Tvorba investičného portfólia ako súčasť investičného procesu

Príspevok sa orientuje na problematiku investičného procesu a tvorbu investičného portfólia. Na základe teoretických poznatkov a na základe dostupných časových radov vývoja cien akcií 9 spoločností vyhodnocuje optimálne portfólio na princípoch teoretických poznatkov o modernej Markowitzovej teórii p...

Descrizione completa

Salvato in:
Dettagli Bibliografici
Autore principale: Horvát, Ján
Natura: Capitolo di libro
Lingua:slovacco
Soggetti:
Tags: Aggiungi Tag
Nessun Tag, puoi essere il primo ad aggiungerne!!

MARC

LEADER 00000nla a2200000 4500
001 0181058
005 20240502073111.7
041 0 |a slo 
044 |a SK 
245 1 0 |a Tvorba investičného portfólia ako súčasť investičného procesu  |c Ján Horvát 
520 |a Príspevok sa orientuje na problematiku investičného procesu a tvorbu investičného portfólia. Na základe teoretických poznatkov a na základe dostupných časových radov vývoja cien akcií 9 spoločností vyhodnocuje optimálne portfólio na princípoch teoretických poznatkov o modernej Markowitzovej teórii portfólia a teórie tvorby portfólia podľa Sharpeho, ako aj poukazuje na mieru rozdielnosti dosiahnutých výsledkov. Analýza je vykonaná na základe štatistických údajov z terminálu Bloomberg za obdobie 1988 – 2013. 
610 2 0 |a proces investičný 
610 2 0 |a portfólio 
610 2 0 |a politika investičná 
610 2 0 |a investori 
610 2 0 |a modely 
100 1 |a Horvát, Ján